000 00764nam a2200217Ii 4500
003 JO-AjNU
008 230605s9999||||xx |||||||||||||| ||und||
017 _a1975/4328
040 _aJO-AjNU
_bara
_erda
_cJO-AjNU
041 _aara
050 1 4 _aLB2805 .S3 1979
100 3 _aتاليف سمعان، وهيب، م.مشارك محمد منير مرسي,
_eauthor
_920795
245 0 0 _aالأدارة المدرسية الحديثة
250 _aط2
264 3 1 _aالقاهرة: عالم الكتب، 1979
300 _a285ص
336 _atext
_btxt
_2rdacontent
337 _aunmediated
_bn
_2rdamedia
338 _avolume
_bnc
_2rdacarrier
650 4 _aالادارة التعليمية - التخطيط التربوي - المدارس - ادارة
_920796
999 _aA7114
_c10682
_d10682